Statistiken für Deutsche Fußballclub Logos

Klicken Sie hier um das Quiz zu spielen!

Allgemein

  • Dieses Quiz wurde 1.295 mal gespielt
  • Das Durchschnittsergebnis liegt bei 30 aus 56

Antwortstatistiken

Antwort% Korrekt
1. FC Köln
95%
1. FC Nürnberg
85%
1. FC Union Berlin
84%
1. FC Kaiserslautern
81%
Borussia Dortmund
79%
FC Bayern München
78%
Eintracht Frankfurt
74%
Arminia Bielefeld
73%
FC Schalke 04
73%
Bayer 04 Leverkusen
72%
Borussia Mönchengladbach
72%
FC Augsburg
71%
Hannover 96
71%
Dynamo Dresden
70%
Hamburger SV
70%
Hertha BSC
70%
1. FSV Mainz 05
68%
RB Leipzig
68%
1. FC Saarbrücken
65%
FC St. Pauli
64%
SC Freiburg
64%
Fortuna Düsseldorf
63%
Alemannia Aachen
62%
Hansa Rostock
62%
Eintracht Braunschweig
61%
Karlsruher SC
61%
SC Paderborn 07
60%
Werder Bremen
59%
VfB Stuttgart
58%
TSG 1899 Hoffenheim
56%
VfL Bochum
55%
VfL Wolfsburg
55%
Energie Cottbus
53%
FC Ingolstadt 04
53%
SpVgg Greuther Fürth
53%
Preußen Münster
51%
TSV 1860 München
51%
Rot-Weiss Essen
47%
SV Waldhof Mannheim
44%
SpVgg Unterhaching
42%
SV Darmstadt 98
39%
MSV Duisburg
37%
Kickers Offenbach
35%
Stuttgarter Kickers
33%
KFC Uerdingen 05
32%
SSV Ulm 1846
31%
SC Fortuna Köln
27%
Rot-Weiß Oberhausen
26%
FC 08 Homburg
23%
SG Wattenscheid 09
23%
SC Tasmania 1900 Berlin
21%
Tennis Borussia Berlin
19%
Wuppertaler SV
19%
Borussia Neunkirchen
13%
Blau-Weiß 90 Berlin
11%
VfB Leipzig
9%

Verteilung der Resultate

Perzentil nach korrekt beantworteten Fragen

Anzahl Personen mit jedem Resultat

Ihre Resultats-Entwicklung

Sie haben dieses Quiz noch nicht gespielt